Score 0/21 Timer 05:00
0 Plays Today
Quote Missing word(s) % Correct
Hi it's _____ with Slap Chop!Vince
79%
The ____, comes right off!Skin
76.9%
You’re gonna love my ____.Nuts
75.3%
The onions with the skin, alright this is making you ____.Cry
74.9%
The Slap Chop sells for ______ ninety-fiveNineteen
74.9%
Stop throwing your _____ away.Money
74.1%
Now, you love _____, you hate making it.Salad
73.5%
Tacos, fettucini, _______Linguine
64.9%
A dollar for toppings at the ___ _____ store.Ice Cream
64.7%
Guys we’re gonna make America _____ again. One slap at a time!Skinny
64.5%
Two slaps, ___ _____ in a secondHome Fries
63.9%
Quote Missing word(s) % Correct
... martini, ______Bikini
63%
Now look here's a potato. One slap you got big chunks for ____Stews
61.4%
Stop having a boring ____, stop having a boring life.Tuna
57.3%
One. Two. And pops open like that like a _______.Butterfly
57.2%
You don’t have time to make ______.Breakfast
55.8%
Now here’s the deal when you buy the Slap Chop we’re gonna give you the _____ for cheese.Graty
54.8%
The reason you’re gonna slap away everyday is cause it's so easy to _____.Clean
53.2%
Now these other ones you see at the stores. ______ gets on the foodBacteria
51.5%
____ can do it.Kids
49.9%
You can’t open this up it's _______!Worthless
46.8%
Remove Ads.
Support Sporcle.
Get the best of Sporcle when you Go Orange. This ad-free experience offers more features, more stats, and more fun while also helping to support Sporcle. Thank you for becoming a member.

You're not logged in!

Compare scores with friends on all Sporcle quizzes.
OR
Log In

Show Comments

Extras

Top Quizzes Today


Score Distribution

Your Account Isn't Verified!

In order to create a playlist on Sporcle, you need to verify the email address you used during registration. Go to your Sporcle Settings to finish the process.

Report this User

Report this user for behavior that violates our Community Guidelines.

Details: